<?xml version="1.0" encoding="UTF-8"?>
<collection xmlns="http://www.loc.gov/MARC21/slim">
<record>
  <controlfield tag="001">163697</controlfield>
  <controlfield tag="005">20251028143429.0</controlfield>
  <datafield tag="024" ind1="8" ind2=" ">
    <subfield code="2">innovaciondocente</subfield>
    <subfield code="a">5108</subfield>
  </datafield>
  <datafield tag="037" ind1=" " ind2=" ">
    <subfield code="a">INNODOC-2024-5108</subfield>
  </datafield>
  <datafield tag="041" ind1=" " ind2=" ">
    <subfield code="a">spa</subfield>
  </datafield>
  <datafield tag="100" ind1=" " ind2=" ">
    <subfield code="0">(orcid)0000-0003-3178-5253</subfield>
    <subfield code="a">Torcal Milla, Francisco José</subfield>
    <subfield code="e">coord.</subfield>
  </datafield>
  <datafield tag="245" ind1=" " ind2=" ">
    <subfield code="a">Repositorio de materiales de soporte para la docencia de la física universitaria II</subfield>
  </datafield>
  <datafield tag="260" ind1=" " ind2=" ">
    <subfield code="a">Zaragoza</subfield>
    <subfield code="b">Universidad de Zaragoza</subfield>
    <subfield code="c">2024</subfield>
  </datafield>
  <datafield tag="520" ind1="3" ind2=" ">
    <subfield code="a">Este proyecto pretende ampliar un repositorio de recursos educativos desarrollados previamente por el equipo solicitante para implementar actividades de aprendizaje activo y contextualizado. Se planea extender la colección de materiales docentes para abarcar áreas adicionales de la física, como la mecánica y la termodinámica. Los recursos estarán diseñados para promover el aprendizaje autónomo de los estudiantes y apoyar a los docentes en la enseñanza. Se continuará utilizando la metodología de WebQuest, que fomenta el aprendizaje por descubrimiento guiado a través de actividades estructuradas. Cada WebQuest contendrá secciones que guiarán a los estudiantes en la construcción de dispositivos para realizar experimentos prácticos. La integración de estos recursos en un curso en línea existente en el catálogo de recursos en abierto de la Universidad de Zaragoza permitirá su acceso a un público más amplio. Este proyecto contribuye al Objetivo 4 de Desarrollo Sostenible de la ONU, que busca una educación inclusiva y de calidad para todos.</subfield>
  </datafield>
  <datafield tag="700" ind1=" " ind2=" ">
    <subfield code="0">(orcid)0000-0001-5186-1837</subfield>
    <subfield code="a">Consejo Vaquero, Alejandra</subfield>
  </datafield>
  <datafield tag="700" ind1=" " ind2=" ">
    <subfield code="0">(orcid)0000-0002-8451-0942</subfield>
    <subfield code="a">López Torres, Ana María</subfield>
  </datafield>
  <datafield tag="700" ind1=" " ind2=" ">
    <subfield code="0">(orcid)0000-0002-8236-825X</subfield>
    <subfield code="a">Sánchez Azqueta, Carlos</subfield>
  </datafield>
  <datafield tag="700" ind1=" " ind2=" ">
    <subfield code="0">(orcid)0000-0002-4746-3139</subfield>
    <subfield code="a">Izquierdo Nuñez, David</subfield>
  </datafield>
  <datafield tag="700" ind1=" " ind2=" ">
    <subfield code="0">(orcid)0000-0001-7930-272X</subfield>
    <subfield code="a">Lobera Salazar, Julia</subfield>
  </datafield>
  <datafield tag="700" ind1=" " ind2=" ">
    <subfield code="0">(orcid)0000-0001-8227-5689</subfield>
    <subfield code="a">Escudero Tellechea, Miguel</subfield>
  </datafield>
  <datafield tag="856" ind1="4" ind2=" ">
    <subfield code="s">867657</subfield>
    <subfield code="u">http://zaguan.unizar.es/record/163697/files/memoria_PRAUZ_2024_5108.pdf</subfield>
    <subfield code="y">Memoria del proyecto</subfield>
  </datafield>
  <datafield tag="970" ind1=" " ind2=" ">
    <subfield code="a">INNODOC-2024-5108</subfield>
  </datafield>
  <datafield tag="980" ind1=" " ind2=" ">
    <subfield code="a">INNODOC</subfield>
    <subfield code="b">PRAUZ</subfield>
  </datafield>
</record>
</collection>